00317cam a22001217a 4500008004000000082002000040100001700060245004800077250001200125260003000137300001000167650001800177180718b1979 xxu||||| |||| 00| 0 eng d aBA27x54 At14/79 aAtal, Yogesh aChanging frontiers of castecby Yogesh Atal a2nd ed. aNew DelhibNationalc1979 a269p. aCaste - India